|
|
|
|
| LEADER |
00000nab a2200000 a 4500 |
| 001 |
vtls000660432 |
| 003 |
SK-MaSNL |
| 005 |
20260304090501.0 |
| 008 |
250425c1998 xo 0 slo |
| 015 |
|
|
|a SNBRB1998/04-11436
|
| 035 |
|
|
|a CLN000012624
|
| 035 |
|
|
|a urn:nbn:sk:snk-ab6o4a
|
| 035 |
|
|
|a (uuid)564d4f63-04e6-414f-8275-b01681269daa
|
| 035 |
|
|
|a (urnnbn)urn:nbn:sk:snk:ar-005o69
|
| 035 |
|
|
|a (sysno)vtls000660432
|
| 040 |
|
|
|a SNKBUCL
|b slo
|c SNKBUCL
|e AACR2
|
| 041 |
0 |
|
|a cze
|
| 044 |
|
|
|a xo
|c SK
|
| 080 |
|
|
|a 621.791.7:669.15
|2 1997
|
| 080 |
|
|
|a 669.15
|2 1997
|
| 100 |
1 |
|
|a Bohátka, Roman
|4 aut
|9 1381605
|
| 245 |
1 |
0 |
|a Difúzní svařování různorodých materiálů
|c Roman Bohátka, Ladislav Daněk
|
| 300 |
|
|
|b Obr., tab.
|
| 504 |
|
|
|a Bibliogr. odkazy
|
| 650 |
0 |
7 |
|a zváranie difúzne vo vákuu
|x ocele
|2 snkbucl
|9 1381606
|
| 655 |
|
7 |
|a články z novín a časopisov
|2 snkbucl
|9 267496
|
| 700 |
1 |
|
|a Daněk, Ladislav
|4 aut
|9 1381607
|
| 773 |
0 |
|
|t Zváranie
|g Roč. 47, č. 2 (1998), s. 32-35
|x 0044-5525
|
| 850 |
|
|
|a Slovenská národná knižnica
|
| 852 |
|
|
|a Slovenská národná knižnica
|
| 954 |
|
|
|a odborná, vedecká literatúra pôvodná (slovenská)
|2 lita
|
| 954 |
|
|
|a odborná, vedecká literatúra cudzojazyčná (svetová)
|2 lita
|
| 958 |
|
|
|a article
|
| 958 |
|
|
|a OND
|
| 958 |
|
|
|a NB
|
| 958 |
|
|
|a EUIPO
|
| 992 |
|
|
|a RBX
|
| 999 |
|
|
|c 2811604
|d 2813534
|